000
00264nam a2200109Ia 4500
008
231212s2003 xx 000 0 und d
041
_a
eng
082
_a
623.381
100
_a
Gavhane K.A.
245
_a
Chemical Reaction Engineering
260
_a
Pune
_b
Nirali
_c
2003
999
_c
965720
_d
965720